000 00443nam a2200169Ia 4500
008 230711s9999||||xx |||||||||||||| ||und||
020 _a978-81-8488-599-6
041 _aENG
082 _a658
_bVI-P
100 _aViswanathan,Rajeesh
245 0 _aPrinciples of management concepts and cases
250 _a1st Ed.
260 _c2010
_aMumbai
_bHimalaya Publishing House
300 _a490
650 _aUNIVESITY BUSNIESS SCHOOL
942 _cBK
999 _c5572
_d5572